Problémoví zamestnanci
Zvládnutie problémových kolegov, všeobecné zásady. Komunikácia na pracovisku. Frustrácia na pracovisku. Riadenie problémových zamestnancov. Ako riadiť maverika.
Saved in:
| Main Author: | |
|---|---|
| Format: | Book Chapter |
| Language: | Slovak |
| Subjects: | |
| Tags: |
No Tags, Be the first to tag this record!
|
MARC
| LEADER | 00000naa a2200000 4500 | ||
|---|---|---|---|
| 001 | 0157062 | ||
| 005 | 20231120125721.7 | ||
| 041 | 0 | |a slo | |
| 044 | |a SK | ||
| 245 | 1 | 0 | |a Problémoví zamestnanci |c Jana Jarošová |
| 520 | |a Zvládnutie problémových kolegov, všeobecné zásady. Komunikácia na pracovisku. Frustrácia na pracovisku. Riadenie problémových zamestnancov. Ako riadiť maverika. | ||
| 610 | 2 | 0 | |a prostredie podnikové |
| 610 | 2 | 0 | |a zamestnanci |
| 610 | 2 | 0 | |a stresy |
| 610 | 2 | 0 | |a konflikty |
| 100 | 1 | |a Jarošová, Jana | |